000
00302nam a22001217a 4500
003
OSt
008
211204b ||||| |||| 00| 0 eng d
082
_a
028.701
_b
VIJ/LI
100
_a
Vijaya ghose
_9
5136
245
_a
Limca book of records 1996
260
_a
Delhi
_b
Britco foods co.ltd
_c
1996
942
_c
BK
999
_c
17483
_d
17483